000 00575nam a2200193Ia 4500
005 20250326143231.0
008 250326s9999 xx 000 0 und d
020 _a81-7829-399-4
037 _aTextbook
040 _aFMSL
_beng
_cFMSL
041 _aeng
_2eng
084 _aX:74 P4
_qFMSL
100 _aHuber G P
_9743282
245 0 _aNecessary nature of future firms : attrubutes of survivors in a changing world
_cHuber G P
260 _aNew Delhi
_bNew Delhi, Response Books
_c2004
300 _a308p
942 _cTB
_hX:74 P4
999 _c1298713
_d1298713